| Tag |
First Indicator |
Second Indicator |
Subfields |
| LEADER |
00000cam a2200000 a 4500 |
| 001 |
in00000014978 |
| 005 |
20151007052934.0 |
| 008 |
871112s1988 ncu b 00110 eng |
| 010 |
|
|
|a 87043197
|
| 020 |
|
|
|a 0899502717 (alk. paper)
|
| 035 |
|
|
|a (OCoLC)17107127
|
| 035 |
|
|
|9 AAA9784AM
|
| 040 |
|
|
|a DLC
|c DLC
|d TXA
|d UtOrBLW
|
| 049 |
|
|
|a TXAM
|c [A11467296]
|
| 050 |
0 |
0 |
|a GV706.4
|b .G73 1988
|
| 082 |
0 |
|
|a 796/.01
|2 19
|
| 100 |
1 |
|
|a Grant, Robert W.,
|d 1952-
|
| 245 |
1 |
4 |
|a The psychology of sport :
|b facing one's true opponent /
|c by Robert W. Grant.
|
| 264 |
|
1 |
|a Jefferson, N.C. :
|b McFarland,
|c [1988]
|
| 264 |
|
4 |
|c ©1988
|
| 300 |
|
|
|a xi, 174 pages ;
|c 24 cm.
|
| 336 |
|
|
|a text
|b txt
|2 rdacontent
|
| 337 |
|
|
|a unmediated
|b n
|2 rdamedia
|
| 338 |
|
|
|a volume
|b nc
|2 rdacarrier
|
| 504 |
|
|
|a Bibliography: pages 163-169.
|
| 500 |
|
|
|a Includes index.
|
| 650 |
|
0 |
|a Sports
|x Psychological aspects.
|
| 999 |
|
|
|a MARS
|
| 999 |
f |
f |
|s ec6d7ee3-98da-35da-aa18-e7e893256183
|i 7e5791d7-0b79-396f-8970-d6dffa5f3215
|t 0
|
| 952 |
f |
f |
|p ric
|a Texas A&M University
|b Rellis Campus
|c Joint Library Facility
|d Remote Storage
|t 0
|e GV706.4 .G73 1988
|h Library of Congress classification
|i unmediated -- volume
|m A14815563565
|
| 998 |
f |
f |
|a GV706.4 .G73 1988
|t 0
|l Remote Storage
|